[Event "Regionalliga SW 1617"]
[Site "Bayern"]
[Date "2017.02.05"]
[Round "5.2"]
[White "Waelzel, Helmut"]
[Black "Dengler, Peter"]
[Result "0-1"]
[WhiteElo "2234"]
[BlackElo "2193"]
[PlyCount "44"]
[EventDate "2016.10.16"]
[EventType "team-tourn"]
[EventRounds "9"]
[EventCountry "GER"]
[SourceTitle "EXT 2019"]
[Source "ChessBase"]
[SourceDate "2018.10.10"]
[SourceVersion "1"]
[SourceVersionDate "2018.10.10"]
[SourceQuality "1"]
[WhiteTeam "Haar"]
[BlackTeam "Unterhaching"]
[WhiteTeamCountry "GER"]
[BlackTeamCountry "GER"]

1. c4 f5 2. Nc3 Nf6 3. g3 d6 4. d4 g6 5. Bg2 Bg7 6. Nf3 0-0 7. 0-0 Nc6 8. d5 Ne5 9. Nxe5 dxe5 10. e4 f4 11. f3 g5 12. g4 h5 13. h3 hxg4 14. hxg4 e6 15. Qe2 exd5 16. exd5 c6 17. Rd1 cxd5 18. cxd5 Bd7 19. Bd2 e4 20. Nxe4 Nxe4 21. Qxe4 Qb6+ 22. Kh2 Rf6 0-1

[Event "Regionalliga SW 1617"]
[Site "Bayern"]
[Date "2016.10.16"]
[Round "1.2"]
[White "Leitner, Maximilian"]
[Black "Dengler, Peter"]
[Result "1/2-1/2"]
[WhiteElo "2223"]
[BlackElo "2193"]
[PlyCount "49"]
[EventDate "2016.10.16"]
[EventType "team-tourn"]
[EventRounds "9"]
[EventCountry "GER"]
[SourceTitle "EXT 2019"]
[Source "ChessBase"]
[SourceDate "2018.10.10"]
[SourceVersion "1"]
[SourceVersionDate "2018.10.10"]
[SourceQuality "1"]
[WhiteTeam "Bayern Muenchen III"]
[BlackTeam "Unterhaching"]
[WhiteTeamCountry "GER"]
[BlackTeamCountry "GER"]

1. c4 c6 2. Nf3 Nf6 3. b3 d5 4. Bb2 Bf5 5. g3 h6 6. Bg2 e6 7. 0-0 Be7 8. d3 0-0 9. Nbd2 Nbd7 10. Rc1 Bh7 11. a3 a5 12. Qc2 Re8 13. Qb1 Bd6 14. Rfd1 c5 15. Ne1 Rb8 16. e3 b5 17. Qa1 a4 18. bxa4 bxa4 19. d4 Qb6 20. Bc3 Bf8 21. Qa2 cxd4 22. Bxd4 Bc5 23. Bxc5 Nxc5 24. cxd5 exd5 25. Bxd5 1/2-1/2

[Event "Regionalliga SW 1516"]
[Site "Bayern"]
[Date "2016.04.10"]
[Round "9.3"]
[White "Lang, Zalan Andreas"]
[Black "Dengler, Peter"]
[Result "1/2-1/2"]
[WhiteElo "2246"]
[BlackElo "2183"]
[PlyCount "93"]
[EventDate "2015.10.11"]
[EventType "team-tourn"]
[EventRounds "9"]
[EventCountry "GER"]
[SourceTitle "EXT 2018"]
[Source "ChessBase"]
[SourceDate "2017.10.13"]
[SourceVersion "1"]
[SourceVersionDate "2017.10.13"]
[SourceQuality "1"]
[WhiteTeam "Haunstetten"]
[BlackTeam "Unterhaching"]
[WhiteTeamCountry "GER"]
[BlackTeamCountry "GER"]

1. d4 d5 2. c4 e6 3. Nc3 Nf6 4. Bg5 Nbd7 5. e3 Bb4 6. Nf3 c5 7. Bd3 Qa5 8. 0-0 cxd4 9. exd4 Bxc3 10. bxc3 dxc4 11. Bxc4 Ne4 12. Bf4 0-0 13. Bd3 Nef6 14. c4 b6 15. Ne5 Bb7 16. Qc2 Rfd8 17. Rab1 Nxe5 18. Bxe5 h6 19. Bxf6 gxf6 20. d5 exd5 21. Rb5 Qa3 22. Qe2 Qf8 23. cxd5 Rxd5 24. Rxd5 Bxd5 25. Be4 Bxe4 26. Qxe4 Re8 27. Qd5 Re5 28. Qd2 Kg7 29. g3 Qe7 30. Rd1 Re2 31. Qd5 Qc5 32. Qxc5 bxc5 33. Rc1 Rxa2 34. Rxc5 a5 35. Kg2 a4 36. Ra5 Kf8 37. Ra7 Ra1 38. h4 Kg7 39. Ra5 a3 40. Kh2 Kf8 41. Ra7 Ke8 42. Kg2 f5 43. Kf3 Kf8 44. Kf4 Rb1 45. Rxa3 Rb5 46. Re3 f6 47. Ra3 1/2-1/2

[Event "Landesliga Sued 1415"]
[Site "Bayern"]
[Date "2015.04.12"]
[Round "9.4"]
[White "Dengler, Peter"]
[Black "Kleibel, Uwe"]
[Result "0-1"]
[WhiteElo "2183"]
[BlackElo "2192"]
[PlyCount "76"]
[EventDate "2014.10.19"]
[EventType "team-tourn"]
[EventRounds "9"]
[EventCountry "GER"]
[SourceTitle "EXT 2018"]
[Source "ChessBase"]
[SourceDate "2017.10.13"]
[SourceVersion "1"]
[SourceVersionDate "2017.10.13"]
[SourceQuality "1"]
[WhiteTeam "Unterhaching"]
[BlackTeam "Roehrnbach"]
[WhiteTeamCountry "GER"]
[BlackTeamCountry "GER"]

1. d4 Nf6 2. Nf3 d5 3. Bg5 e6 4. Nbd2 Be7 5. e3 Nbd7 6. Bd3 c5 7. c3 b6 8. Ne5 Nxe5 9. dxe5 Nd7 10. Bxe7 Qxe7 11. f4 Bb7 12. Qe2 f6 13. exf6 gxf6 14. e4 d4 15. cxd4 0-0-0 16. e5 cxd4 17. Ba6 fxe5 18. fxe5 Bxa6 19. Qxa6+ Kb8 20. 0-0 Nxe5 21. Rae1 Rd5 22. Re4 d3 23. b4 Rc8 24. Nb3 Qd6 25. h3 d2 26. Rd1 Nf3+ 27. Kf2 Ng5 28. Rg4 h5 29. Rxg5 Rxg5 30. Rxd2 Qg3+ 31. Kg1 Qe3+ 32. Kh2 Qf4+ 33. Kg1 Rc1+ 34. Nxc1 Qxd2 35. Qf1 Rd5 36. Kh2 Qd1 37. Qf8+ Rd8 38. Qf4+ Qd6 0-1

[Event "Landesliga Sued 1415"]
[Site "Bayern"]
[Date "2015.02.22"]
[Round "7.3"]
[White "Bolduan, Sebastian"]
[Black "Dengler, Peter"]
[Result "1/2-1/2"]
[WhiteElo "2092"]
[BlackElo "2183"]
[PlyCount "43"]
[EventDate "2014.10.19"]
[EventType "team-tourn"]
[EventRounds "9"]
[EventCountry "GER"]
[SourceTitle "EXT 2018"]
[Source "ChessBase"]
[SourceDate "2017.10.13"]
[SourceVersion "1"]
[SourceVersionDate "2017.10.13"]
[SourceQuality "1"]
[WhiteTeam "Muenchen Tarrasch"]
[BlackTeam "Unterhaching"]
[WhiteTeamCountry "GER"]
[BlackTeamCountry "GER"]

1. e4 c5 2. Nf3 Nc6 3. d4 cxd4 4. Nxd4 Nf6 5. Nc3 g6 6. Be3 Bg7 7. Be2 0-0 8. Qd2 d6 9. 0-0-0 Ng4 10. Bxg4 Bxg4 11. f3 Be6 12. Nxe6 fxe6 13. Bh6 Qa5 14. Bxg7 Kxg7 15. Kb1 Qe5 16. Ne2 Rac8 17. h4 h6 18. Rhf1 Rf7 19. g3 Rcf8 20. Nf4 Rxf4 21. gxf4 Qxf4 22. Qc3+ 1/2-1/2

[Event "Landesliga Sued 1415"]
[Site "Bayern"]
[Date "2015.01.18"]
[Round "5.4"]
[White "Dengler, Peter"]
[Black "Hantak, Adam"]
[Result "1/2-1/2"]
[WhiteElo "2183"]
[BlackElo "2146"]
[PlyCount "103"]
[EventDate "2014.10.19"]
[EventType "team-tourn"]
[EventRounds "9"]
[EventCountry "GER"]
[SourceTitle "EXT 2018"]
[Source "ChessBase"]
[SourceDate "2017.10.13"]
[SourceVersion "1"]
[SourceVersionDate "2017.10.13"]
[SourceQuality "1"]
[WhiteTeam "Unterhaching"]
[BlackTeam "Muenchen 36"]
[WhiteTeamCountry "GER"]
[BlackTeamCountry "GER"]

1. e4 d6 2. d4 Nf6 3. Nc3 g6 4. f4 Bg7 5. Nf3 0-0 6. Bd3 Na6 7. 0-0 c5 8. d5 Nc7 9. a4 b6 10. Ne2 a6 11. c4 Bd7 12. e5 Ng4 13. h3 Nh6 14. Nc3 b5 15. Be3 bxc4 16. Bxc4 Rb8 17. b3 e6 18. Rc1 Nf5 19. Bf2 exd5 20. Nxd5 Bc6 21. Nxc7 Qxc7 22. Bxa6 Rfd8 23. Qe2 Rxb3 24. exd6 Rxd6 25. Rxc5 Re6 26. Ne5 Ng3 27. Qc2 Bxe5 28. fxe5 Nxf1 29. Qxb3 Nd2 30. Qd3 Ne4 31. Qxe4 Bxe4 32. Rxc7 Rxa6 33. Rc4 Bf5 34. Be1 Kf8 35. a5 Ke7 36. Kf2 h5 37. Ke3 Kd7 38. Bb4 Be6 39. Rc1 Rc6 40. Bc5 Kc7 41. Bb6+ Kb7 42. a6+ Kxb6 43. a7 Rxc1 44. a8Q Rc4 45. Qd8+ Kc5 46. Qe7+ Kc6 47. Qd6+ Kb5 48. Qb8+ Kc5 49. g3 Kc6 50. Qd6+ Kb5 51. Kd3 Rb4 52. Qc7 1/2-1/2

[Event "Landesliga Sued 1314"]
[Site "Bayern"]
[Date "2014.02.09"]
[Round "6.3"]
[White "Kleibel, Uwe"]
[Black "Dengler, Peter"]
[Result "1-0"]
[WhiteElo "2180"]
[BlackElo "2234"]
[PlyCount "119"]
[EventDate "2013.10.13"]
[EventType "team-tourn"]
[EventRounds "9"]
[EventCountry "GER"]
[SourceTitle "EXT 2015"]
[Source "ChessBase"]
[SourceDate "2014.11.20"]
[SourceVersion "1"]
[SourceVersionDate "2014.11.20"]
[SourceQuality "1"]
[WhiteTeam "Roehrnbach"]
[BlackTeam "Unterhaching"]
[WhiteTeamCountry "GER"]
[BlackTeamCountry "GER"]

1. d4 d6 2. Nf3 g6 3. g3 Bg7 4. Bg2 Nf6 5. 0-0 0-0 6. a4 Nc6 7. a5 a6 8. Re1 e5 9. dxe5 dxe5 10. Qxd8 Rxd8 11. e4 h6 12. c3 Be6 13. Nbd2 Nd7 14. Bf1 Nc5 15. Bc4 Nd3 16. Bxe6 Nxe1 17. Bxf7+ Kxf7 18. Nxe1 Rd7 19. Kf1 Bf6 20. Ke2 Bg5 21. Nc4 Bxc1 22. Rxc1 Rad8 23. Nc2 Ke6 24. N2e3 h5 25. g4 hxg4 26. Rg1 Rh7 27. Rxg4 Ne7 28. Rg2 Rh4 29. Ng4 Nc6 30. f3 Rdh8 31. b4 Rh3 32. Rf2 R8h4 33. Rg2 Rh7 34. Nf2 Rxh2 35. Rxg6+ Kf7 36. Rxc6 bxc6 37. Nxe5+ Ke6 38. Nxc6 Rg2 39. Ke3 Rhh2 40. Nd4+ Kd7 41. Nd3 Rh6 42. e5 Ra2 43. Nc5+ Kc8 44. e6 Rh1 45. Kd3 Rd1+ 46. Kc4 Rf2 47. e7 Rxd4+ 48. Kxd4 Re2 49. f4 Rxe7 50. f5 Re1 51. Nxa6 Rd1+ 52. Ke5 Kd7 53. Nc5+ Ke7 54. b5 Ra1 55. a6 Ra5 56. c4 c6 57. f6+ Kf7 58. Nb7 Ra1 59. Nd6+ Kg6 60. bxc6 1-0

[Event "Landesliga Sued 1213"]
[Site "Bayern"]
[Date "2013.04.14"]
[Round "9.4"]
[White "Dengler, Peter"]
[Black "Ebenhoech, Daniel"]
[Result "1-0"]
[WhiteElo "2178"]
[BlackElo "2106"]
[PlyCount "47"]
[EventDate "2012.10.14"]
[EventType "team-tourn"]
[EventRounds "9"]
[EventCountry "GER"]
[SourceTitle "EXT 2015"]
[Source "ChessBase"]
[SourceDate "2014.11.20"]
[SourceVersion "1"]
[SourceVersionDate "2014.11.20"]
[SourceQuality "1"]
[WhiteTeam "Unterhaching"]
[BlackTeam "Ingolstadt"]
[WhiteTeamCountry "GER"]
[BlackTeamCountry "GER"]

1. e4 c5 2. Nf3 d6 3. d4 cxd4 4. Nxd4 Nf6 5. Nc3 a6 6. Bg5 e6 7. f4 Be7 8. Qf3 Qc7 9. 0-0-0 Nbd7 10. g4 b5 11. Bxf6 Nxf6 12. g5 Nd7 13. f5 Bxg5+ 14. Kb1 Ne5 15. Qh5 Qe7 16. Rg1 h6 17. fxe6 g6 18. exf7+ Kxf7 19. Qe2 Bb7 20. Bh3 b4 21. Be6+ Kg7 22. Nd5 Bxd5 23. Bxd5 Rac8 24. h4 1-0

[Event "Landesliga Sued 1213"]
[Site "Bayern"]
[Date "2012.12.09"]
[Round "4.4"]
[White "Dengler, Peter"]
[Black "Hoefelsauer, Thomas"]
[Result "1/2-1/2"]
[WhiteElo "2178"]
[BlackElo "2285"]
[PlyCount "65"]
[EventDate "2012.10.14"]
[EventType "team-tourn"]
[EventRounds "9"]
[EventCountry "GER"]
[SourceTitle "EXT 2015"]
[Source "ChessBase"]
[SourceDate "2014.11.20"]
[SourceVersion "1"]
[SourceVersionDate "2014.11.20"]
[SourceQuality "1"]
[WhiteTeam "Unterhaching"]
[BlackTeam "Muenchen Suedost"]
[WhiteTeamCountry "GER"]
[BlackTeamCountry "GER"]

1. c4 c6 2. Nc3 d5 3. cxd5 cxd5 4. d4 Nc6 5. Nf3 Nf6 6. g3 Bf5 7. Bg2 e6 8. 0-0 a6 9. Bf4 Be7 10. Rc1 0-0 11. Ne5 Rc8 12. e3 Nxe5 13. Bxe5 b5 14. Qe2 Qa5 15. Bxf6 Bxf6 16. g4 Bg6 17. f4 b4 18. Nxd5 exd5 19. f5 Qxa2 20. fxg6 hxg6 21. Ra1 Qb3 22. Rxa6 Rc2 23. Bxd5 Rxe2 24. Bxb3 Rxe3 25. Bc4 Bxd4 26. Kg2 Bxb2 27. Bxf7+ Rxf7 28. Ra8+ Kh7 29. Rxf7 g5 30. Rb8 Re2+ 31. Kf3 Rxh2 32. Rxb4 Kg6 33. Rf5 1/2-1/2

[Event "Landesliga Sued 1112"]
[Site "Bayern"]
[Date "2012.04.15"]
[Round "9.2"]
[White "Juptner, Jan"]
[Black "Dengler, Peter"]
[Result "1-0"]
[WhiteElo "2268"]
[BlackElo "2193"]
[PlyCount "89"]
[EventDate "2011.10.02"]
[EventType "team-tourn"]
[EventRounds "9"]
[EventCountry "GER"]
[SourceTitle "EXT 2015"]
[Source "ChessBase"]
[SourceDate "2014.11.20"]
[SourceVersion "1"]
[SourceVersionDate "2014.11.20"]
[SourceQuality "1"]
[WhiteTeam "Muenchen Tarrasch II"]
[BlackTeam "Unterhaching"]
[WhiteTeamCountry "GER"]
[BlackTeamCountry "GER"]

1. d4 f5 2. g3 Nf6 3. Bg2 g6 4. c4 Bg7 5. Nf3 d6 6. 0-0 0-0 7. Nc3 Nc6 8. d5 Na5 9. Qa4 c5 10. dxc6 bxc6 11. c5 dxc5 12. Ne5 Bb7 13. Nc4 Nxc4 14. Qxc4+ Nd5 15. Na4 e6 16. Nxc5 Qe7 17. Bd2 Rfe8 18. Rac1 Bxb2 19. Rb1 Nb6 20. Qc2 Bf6 21. Nxb7 Qxb7 22. Bxc6 Qc7 23. Bf4 e5 24. Qb3+ Kg7 25. Bxa8 exf4 26. Bf3 fxg3 27. hxg3 f4 28. g4 Re5 29. Rfc1 Qe7 30. Qb4 Qxb4 31. Rxb4 Ra5 32. Rc7+ Kg8 33. Re4 Be5 34. Rb7 Nc8 35. Rd7 Nb6 36. Re7 Bd6 37. R7e6 Rd5 38. Re8+ Kf7 39. Rh8 Kg7 40. Rd8 Kf7 41. Kg2 g5 42. Ree8 Rd4 43. Rh8 Kg6 44. Bc6 h6 45. Rdg8+ 1-0

[Event "Regionalliga SW 1011"]
[Site "Bayern"]
[Date "2011.01.16"]
[Round "5.2"]
[White "Schreiner, Richard"]
[Black "Dengler, Peter"]
[Result "0-1"]
[WhiteElo "2112"]
[BlackElo "2158"]
[PlyCount "108"]
[EventDate "2010.10.10"]
[EventType "team-tourn"]
[EventRounds "9"]
[EventCountry "GER"]
[SourceTitle "EXT 2012"]
[Source "ChessBase"]
[SourceDate "2011.11.24"]
[SourceVersion "1"]
[SourceVersionDate "2011.11.24"]
[SourceQuality "1"]
[WhiteTeam "Garching II"]
[BlackTeam "Unterhaching"]
[WhiteTeamCountry "GER"]
[BlackTeamCountry "GER"]

1. Nf3 g6 2. d4 Bg7 3. g3 d6 4. Bg2 f5 5. 0-0 Nf6 6. c4 0-0 7. Nc3 Nc6 8. Re1 e5 9. dxe5 dxe5 10. b3 e4 11. Ng5 Ng4 12. Bb2 Qxg5 13. Qd5+ Kh8 14. Nxe4 Qe7 15. Bxg7+ Kxg7 16. Nc3 Rd8 17. Qf3 Nce5 18. Qf4 c6 19. h3 Nf6 20. Rad1 Rxd1 21. Rxd1 Bd7 22. b4 Re8 23. c5 a5 24. a3 axb4 25. axb4 Nf7 26. Rd4 Be6 27. e4 Rd8 28. Rxd8 Qxd8 29. exf5 Bxf5 30. b5 Qd7 31. g4 Be6 32. b6 Qd3 33. g5 Qxc3 34. gxf6+ Qxf6 35. Qxf6+ Kxf6 36. Bxc6 Nd8 37. Bg2 Ke5 38. c6 bxc6 39. b7 Nxb7 40. Bxc6 Bd5 41. Bb5 g5 42. Kh2 Kf4 43. Bd3 Be4 44. Be2 Nd6 45. Kg1 Nf5 46. Kh2 Nh4 47. Bh5 h6 48. Bd1 Nf3+ 49. Kg2 h5 50. Kf1 h4 51. Ba4 Bf5 52. Kg2 Ne1+ 53. Kf1 Nd3 54. Kg2 Ke5 0-1

[Event "Regionalliga SW 1011"]
[Site "Bayern"]
[Date "2010.10.24"]
[Round "2.2"]
[White "Dengler, Peter"]
[Black "Waelzel, Helmut"]
[Result "1/2-1/2"]
[WhiteElo "2158"]
[BlackElo "2214"]
[PlyCount "114"]
[EventDate "2010.10.10"]
[EventType "team-tourn"]
[EventRounds "9"]
[EventCountry "GER"]
[SourceTitle "EXT 2012"]
[Source "ChessBase"]
[SourceDate "2011.11.24"]
[SourceVersion "1"]
[SourceVersionDate "2011.11.24"]
[SourceQuality "1"]
[WhiteTeam "Unterhaching"]
[BlackTeam "Haar"]
[WhiteTeamCountry "GER"]
[BlackTeamCountry "GER"]

1. g3 d5 2. Bg2 Nf6 3. d3 c6 4. Nc3 g6 5. f4 d4 6. Ne4 Nxe4 7. dxe4 Qa5+ 8. Qd2 Qxd2+ 9. Bxd2 Bg7 10. Nf3 c5 11. e5 Nc6 12. 0-0-0 h6 13. e3 Be6 14. exd4 cxd4 15. Be1 0-0-0 16. a3 Rd7 17. Bf2 Rhd8 18. b4 a6 19. Ne1 Bd5 20. Bxd5 Rxd5 21. Nd3 e6 22. Kd2 a5 23. Rb1 axb4 24. Nxb4 Nxb4 25. Rxb4 Bf8 26. Rc4+ Rc5 27. Kd3 Rxc4 28. Kxc4 Bxa3 29. Bxd4 b5+ 30. Kc3 Kc7 31. Be3 Kc6 32. Ra1 b4+ 33. Kc4 Rd5 34. c3 Ra5 35. Kb3 Rd5 36. Kc4 Ra5 37. Bd2 Rd5 38. cxb4 Bb2 39. Rd1 h5 40. Kb3 Bd4 41. Bc3 Bb6 42. Rxd5 Kxd5 43. Be1 Bg1 44. h4 Bb6 45. b5 Bc5 46. Ka4 Bb6 47. Kb4 Ke4 48. Kc4 Kf3 49. Kd3 Bd8 50. Bd2 Kxg3 51. Ke4 Kg4 52. Be3 Bxh4 53. b6 Bd8 54. b7 Bc7 55. Bc5 Bb8 56. Bd6 Ba7 57. Bc5 Bb8 1/2-1/2

[Event "Regionalliga SW 0910"]
[Site "Bayern"]
[Date "2010.02.07"]
[Round "6.2"]
[White "Kuhnert, Josef"]
[Black "Dengler, Peter"]
[Result "0-1"]
[WhiteElo "1992"]
[BlackElo "2158"]
[PlyCount "97"]
[EventDate "2009.10.18"]
[EventType "team-tourn"]
[EventRounds "9"]
[EventCountry "GER"]
[SourceTitle "EXT 2011"]
[Source "ChessBase"]
[SourceDate "2010.11.26"]
[SourceVersion "1"]
[SourceVersionDate "2010.11.26"]
[SourceQuality "1"]
[WhiteTeam "Sonthofen"]
[BlackTeam "Unterhaching"]
[WhiteTeamCountry "GER"]
[BlackTeamCountry "GER"]

1. d4 f5 2. Nf3 Nf6 3. g3 g6 4. Bg2 Bg7 5. 0-0 d6 6. c4 0-0 7. Nc3 Nc6 8. d5 Na5 9. Nd2 c5 10. Rb1 Rb8 11. a3 Qc7 12. Qc2 Bd7 13. Nb5 Qb6 14. b4 cxb4 15. Rxb4 Rfc8 16. Qd3 Ng4 17. Nc3 Ne5 18. Qb1 Qa6 19. Nb5 Naxc4 20. Qb3 Nxd2 21. Bxd2 Rc5 22. a4 Rbc8 23. Be3 Rc4 24. Rb1 Rxb4 25. Qxb4 Rc4 26. Qb3 Rxa4 27. Nc7 Qxe2 28. Qxb7 Ng4 29. Bxa7 Bd4 30. Bxd4 Rxd4 31. Rf1 Rd1 32. Qb6 Ne5 33. Qe3 Rxf1+ 34. Bxf1 Qxe3 35. fxe3 Ng4 36. e4 fxe4 37. Bg2 e3 38. Bf3 Kf7 39. Kg2 Kf6 40. h3 Ne5 41. Be2 Kf5 42. h4 Ke4 43. Kf1 Nf3 44. Kg2 Nd4 45. Bc4 Bg4 46. Ba6 Be2 47. Bc8 Bf3+ 48. Kf1 e2+ 49. Kf2 0-1

[Event "Regionalliga SW 0910"]
[Site "Bayern"]
[Date "2009.12.13"]
[Round "4.1"]
[White "Dengler, Peter"]
[Black "Ruether, Rudolf"]
[Result "1-0"]
[WhiteElo "2158"]
[BlackElo "2175"]
[PlyCount "83"]
[EventDate "2009.10.18"]
[EventType "team-tourn"]
[EventRounds "9"]
[EventCountry "GER"]
[SourceTitle "EXT 2011"]
[Source "ChessBase"]
[SourceDate "2010.11.26"]
[SourceVersion "1"]
[SourceVersionDate "2010.11.26"]
[SourceQuality "1"]
[WhiteTeam "Unterhaching"]
[BlackTeam "Muenchen Siemens"]
[WhiteTeamCountry "GER"]
[BlackTeamCountry "GER"]

1. e4 c5 2. Nf3 e6 3. d4 cxd4 4. Nxd4 a6 5. Bd3 Nc6 6. Nxc6 dxc6 7. 0-0 e5 8. f4 Nf6 9. Kh1 exf4 10. Bxf4 Be7 11. Nc3 Be6 12. Qf3 Qa5 13. e5 Nd5 14. Ne4 Nxf4 15. Qxf4 Qc7 16. Nd6+ Bxd6 17. exd6 Qd7 18. c4 c5 19. Qe5 0-0-0 20. Qxc5+ Kb8 21. Bf5 Rhe8 22. Bxe6 Rxe6 23. Qc7+ Qxc7 24. dxc7+ Kxc7 25. Rxf7+ Rd7 26. Raf1 Ree7 27. R7f2 Rd4 28. b3 Kc6 29. g3 Kc5 30. Kg2 Kb4 31. Rf7 Rdd7 32. Rxe7 Rxe7 33. Rf2 b5 34. Rc2 Rc7 35. c5 a5 36. Kf3 a4 37. bxa4 bxa4 38. c6 Kb5 39. Ke4 Rxc6 40. Rxc6 Kxc6 41. Kd4 Kb5 42. a3 1-0

[Event "Regionalliga SW 0910"]
[Site "Bayern"]
[Date "2009.10.18"]
[Round "1.2"]
[White "Dengler, Peter"]
[Black "Rusche, Johannes"]
[Result "0-1"]
[WhiteElo "2158"]
[BlackElo "2175"]
[PlyCount "120"]
[EventDate "2009.10.18"]
[EventType "team-tourn"]
[EventRounds "9"]
[EventCountry "GER"]
[SourceTitle "EXT 2011"]
[Source "ChessBase"]
[SourceDate "2010.11.26"]
[SourceVersion "1"]
[SourceVersionDate "2010.11.26"]
[SourceQuality "1"]
[WhiteTeam "Unterhaching"]
[BlackTeam "Garching II"]
[WhiteTeamCountry "GER"]
[BlackTeamCountry "GER"]

1. e4 c5 2. Nf3 e6 3. d4 cxd4 4. Nxd4 a6 5. Nc3 Qc7 6. Bd3 Nf6 7. Qe2 d6 8. Be3 b5 9. f3 Bb7 10. Qf2 Nbd7 11. 0-0-0 b4 12. Nce2 d5 13. exd5 Nxd5 14. Bd2 Be7 15. Kb1 Nc5 16. Bc4 Nb6 17. Bb3 Nxb3 18. cxb3 Nd5 19. h4 Qb6 20. Qg3 0-0 21. Bh6 Bf6 22. h5 Qc7 23. Qg4 Kh8 24. Bc1 Rfc8 25. h6 g6 26. Bg5 Qe5 27. Bxf6+ Qxf6 28. Rd3 a5 29. Ng3 Qf4 30. Qxf4 Nxf4 31. Rd2 Rd8 32. Rhd1 Rd5 33. Ne4 Rad8 34. Ng5 Kg8 35. Ne4 Kh8 36. Ng5 Rxg5 37. Nxe6 Rxd2 38. Rxd2 Rd5 39. Rxd5 Nxd5 40. Nd8 Bc8 41. Nxf7+ Kg8 42. Nd6 Ba6 43. Kc1 Ne7 44. Kd2 Nf5 45. Nc4 a4 46. Ne5 axb3 47. axb3 Nxh6 48. Nc6 Bb7 49. Nxb4 Nf5 50. Nd3 Nh4 51. Ne1 Kf7 52. Ke3 Ke6 53. g4 g5 54. b4 Kd6 55. Nd3 Nxf3 56. Nc5 Ba8 57. Ne4+ Bxe4 58. Kxe4 Ne5 59. Kf5 h6 60. b3 Nxg4 0-1

[Event "Regionalliga SW 0809"]
[Site "Bayern"]
[Date "2008.10.05"]
[Round "1.1"]
[White "Boehm, Uwe"]
[Black "Dengler, Peter"]
[Result "1/2-1/2"]
[WhiteElo "2078"]
[BlackElo "2246"]
[PlyCount "63"]
[EventDate "2008.10.05"]
[EventType "team-tourn"]
[EventRounds "9"]
[EventCountry "GER"]
[SourceTitle "EXT 2020"]
[Source "ChessBase"]
[SourceDate "2019.10.17"]
[SourceVersion "1"]
[SourceVersionDate "2019.10.17"]
[SourceQuality "1"]
[WhiteTeam "Muenchen Siemens"]
[BlackTeam "Unterhaching"]
[WhiteTeamCountry "GER"]
[BlackTeamCountry "GER"]

1. d4 f5 2. Bg5 Nf6 3. Bxf6 exf6 4. e3 d5 5. Bd3 Be6 6. Qf3 Qd7 7. Nd2 Nc6 8. c3 Bd6 9. Ne2 0-0-0 10. Nf4 Ne7 11. Nxe6 Qxe6 12. 0-0-0 c6 13. Kb1 g6 14. g3 h5 15. h4 Kb8 16. Rc1 Bc7 17. Nb3 Bb6 18. Ka1 Nc8 19. c4 dxc4 20. Bxc4 Qe4 21. Qe2 Nd6 22. Bd3 Qe7 23. Nd2 Rhe8 24. Qf1 Ne4 25. Nxe4 fxe4 26. Bc4 f5 27. Qe2 Rf8 28. Bb3 Rf6 29. Rc2 Rfd6 30. a3 Qf6 31. Ka2 Qe7 32. Kb1 1/2-1/2

[Event "Regionalliga SW 0708"]
[Site "Bayern"]
[Date "2008.04.06"]
[Round "8.1"]
[White "Hopfauf, Fridolin"]
[Black "Dengler, Peter"]
[Result "0-1"]
[WhiteElo "2113"]
[BlackElo "2233"]
[PlyCount "52"]
[EventDate "2007.10.21"]
[EventType "team-tourn"]
[EventRounds "9"]
[EventCountry "GER"]
[SourceTitle "EXT 2009"]
[Source "ChessBase"]
[SourceDate "2008.11.26"]
[SourceVersion "1"]
[SourceVersionDate "2008.11.26"]
[SourceQuality "1"]
[WhiteTeam "Sonthofen"]
[BlackTeam "Unterhaching"]
[WhiteTeamCountry "GER"]
[BlackTeamCountry "GER"]

1. e4 c5 2. Nf3 d6 3. d4 cxd4 4. Nxd4 Nf6 5. Nc3 g6 6. Be3 Bg7 7. Be2 0-0 8. 0-0 Nc6 9. Qd2 Ng4 10. Bxg4 Bxg4 11. f3 Bd7 12. Nxc6 bxc6 13. Bd4 f6 14. Rfd1 Be6 15. Na4 h5 16. b3 Kh7 17. c4 Qe8 18. Re1 c5 19. Bb2 Bxc4 20. Nxc5 Bh6 21. Qd4 Bf7 22. Nd3 Qb5 23. Rad1 Rfc8 24. Re2 a5 25. Qf2 a4 26. Nc1 a3 0-1

[Event "Regionalliga SW 0708"]
[Site "Bayern"]
[Date "2007.10.21"]
[Round "1.2"]
[White "Dengler, Peter"]
[Black "Bintakies, Michael"]
[Result "1/2-1/2"]
[WhiteElo "2233"]
[BlackElo "2150"]
[PlyCount "134"]
[EventDate "2007.10.21"]
[EventType "team-tourn"]
[EventRounds "9"]
[EventCountry "GER"]
[SourceTitle "EXT 2009"]
[Source "ChessBase"]
[SourceDate "2008.11.26"]
[SourceVersion "1"]
[SourceVersionDate "2008.11.26"]
[SourceQuality "1"]
[WhiteTeam "Unterhaching"]
[BlackTeam "Kriegshaber"]
[WhiteTeamCountry "GER"]
[BlackTeamCountry "GER"]

1. d4 f5 2. c4 Nf6 3. Nc3 e6 4. Nf3 Be7 5. g3 0-0 6. Bg2 d6 7. 0-0 Ne4 8. Qd3 Nxc3 9. Qxc3 Bf6 10. b4 Nd7 11. Bb2 e5 12. d5 g5 13. Nd2 e4 14. Qc2 Bxb2 15. Qxb2 Ne5 16. Qb3 Bd7 17. c5 Qe7 18. Rac1 a5 19. cxd6 Qxd6 20. bxa5 Rxa5 21. f4 gxf4 22. gxf4 Ng6 23. Nc4 Qc5+ 24. Ne3 Qd6 25. Nc4 Qc5+ 26. e3 Rb5 27. Qc3 Qxd5 28. Rfd1 Qe6 29. a4 Rd5 30. Bf1 Bc6 31. Qb4 Rfd8 32. Nb2 Rxd1 33. Nxd1 Qd6 34. Bc4+ Bd5 35. Qc3 c6 36. Rb1 Rd7 37. Kf2 Bxc4 38. Qxc4+ Qd5 39. Qxd5+ Rxd5 40. Nc3 Rd2+ 41. Ne2 Rd7 42. Nd4 Ne7 43. Ne6 Rd2+ 44. Kg3 b5 45. axb5 cxb5 46. Rxb5 Nd5 47. Nd4 Nxe3 48. Nxf5 Nf1+ 49. Kh4 Rxh2+ 50. Kg5 Kf7 51. Nh6+ Kf8 52. Rf5+ Ke8 53. Re5+ Kf8 54. Rxe4 Ng3 55. Re6 Ne2 56. Ng4 h6+ 57. Nxh6 Nxf4 58. Kxf4 Rf2+ 59. Kg5 Rg2+ 60. Ng4 Rg1 61. Re4 Rg2 62. Kf6 Rg1 63. Rb4 Rf1+ 64. Ke6 Kg7 65. Rb7+ Kg6 66. Ne5+ Kh5 67. Rh7+ Kg5 1/2-1/2